[Event "Amber 2007 Rapid"]
[Site "Monte Carlo MNC"]
[Date "2007.03.27"]
[Round "9"]
[White "Ivanchuk, V."]
[Black "Leko, P."]
[Result "1/2-1/2"]
[WhiteElo "2750"]
[BlackElo "2749"]
[PlyCount "60"]
[EventDate "2007.03.17"]
[Source "www.chesslib.no"]
[SourceDate "2004.05.04"]

1. Nf3 Nf6 2. c4 c5 3. Nc3 Nc6 4. g3 d5 5. d4 cxd4 6. Nxd4 dxc4 7. Nxc6 Qxd1+ 8. Nxd1 bxc6 9. Bg2 Nd5 10. Ne3 e6 11. Nxc4 Ba6 12. b3 Bb4+ 13. Bd2 Ke7 14. Rc1 Rac8 15. Bxb4+ Nxb4 16. a3 Nd5 17. O-O c5 18. Rc2 Bxc4 19. Rxc4 Nb6 20. Rc3 c4 21. Rb1 cxb3 22. Rcxb3 Rc4 23. Bf3 Rhc8 24. Kg2 R8c5 25. h4 g6 26. Rb4 Rc3 27. R1b3 Rxb3 28. Rxb3 f5 29. e4 Kf6 30. exf5 gxf5 1/2-1/2

[Event "Rubinstein mem 35th"]
[Site "Polanica Zdroj"]
[Date "1998.08.26"]
[Round "9"]
[White "Karpov, Anatoly"]
[Black "Ivanchuk, Vassily"]
[Result "1/2-1/2"]
[WhiteElo "2725"]
[BlackElo "2730"]
[PlyCount "66"]
[EventDate "1998.08.17"]
[Source "ChessBase"]
[SourceDate "1998.11.30"]

1. Nf3 c5 2. c4 Nc6 3. Nc3 Nf6 4. g3 d5 5. d4 e6 6. cxd5 Nxd5 7. Bg2 Nb6 8. e3 Be7 9. O-O O-O 10. dxc5 Bxc5 11. b3 e5 12. Bb2 Bf5 13. Qxd8 Rfxd8 14. Rfd1 f6 15. Ne1 Rxd1 16. Rxd1 Rd8 17. Rxd8+ Nxd8 18. Kf1 Bd7 19. Nd3 Be7 20. Ke2 Kf7 21. f4 exf4 22. exf4 Bc6 23. Ne4 g6 24. Bd4 Nd7 25. Bf3 f5 26. Ng5+ Bxg5 27. fxg5 Ke6 28. Bb2 Bxf3+ 29. Kxf3 Kd5 30. Nf4+ Kd6 31. Ba3+ Ke5 32. Bb2+ Kd6 33. Ba3+ Ke5 1/2-1/2

[Event "Linares 75/393"]
[Site "?"]
[Date "1999.??.??"]
[Round "?"]
[White "Kramnik, Vladimir"]
[Black "Topalov, Veselin"]
[Result "1/2-1/2"]
[WhiteElo "2751"]
[BlackElo "2700"]
[PlyCount "65"]
[EventDate "1999.??.??"]
[Source "ChessBase"]
[SourceDate "1999.02.01"]

1. Nf3 Nf6 2. c4 c5 3. Nc3 Nc6 4. g3 d5 5. d4 e6 6. cxd5 Nxd5 7. Bg2 Ndb4 8. e3 cxd4 9. exd4 Nxd4 10. O-O Nxf3+ 11. Qxf3 Be7 12. Rd1 Qa5 13. a3 O-O 14. Bf4 Nc6 15. b4 Qf5 16. b5 Na5 17. Bc7 Qxf3 18. Bxf3 Nb3 19. Rab1 Nc5 20. a4 a5 21. b6 f6 22. Bd6 Bxd6 23. Rxd6 e5 24. Bd5+ Kh8 25. Rb5 Nd3 26. Be4 Nb4 27. Nd5 Nc6 28. Nc7 Rb8 29. Kg2 f5 30. Bxc6 bxc6 31. Rxe5 f4 32. gxf4 Rxb6 33. Ne6 1/2-1/2

[Event "Tilburg"]
[Site "?"]
[Date "1997.??.??"]
[Round "?"]
[White "Kramnik, Vladimir"]
[Black "Polgar, Judit"]
[Result "1/2-1/2"]
[WhiteElo "2770"]
[BlackElo "2670"]
[PlyCount "96"]
[EventDate "1997.??.??"]
[Source "ChessBase"]
[SourceDate "1997.06.01"]

1. Nf3 Nf6 2. c4 c5 3. Nc3 Nc6 4. g3 d5 5. d4 cxd4 6. Nxd4 dxc4 7. Nxc6 Qxd1+ 8. Nxd1 bxc6 9. Bg2 Nd5 10. Ne3 e6 11. Nxc4 Ba6 12. b3 Bb4+ 13. Bd2 Ke7 14. Rc1 Rhc8 15. Bxb4+ Nxb4 16. a3 Nd5 17. Na5 c5 18. e4 Nf6 19. e5 Nd5 20. Kd2 Rab8 21. b4 f6 22. Bxd5 exd5 23. Rxc5 Rxc5 24. bxc5 Rb2+ 25. Kc3 Rb5 26. exf6+ Kxf6 27. Nb3 d4+ 28. Nxd4 Rxc5+ 29. Kb2 Rd5 30. Nb3 Bb5 31. Rc1 g5 32. Rc8 h5 33. Nc5 Kf5 34. Rf8+ Kg4 35. Ne4 Kh3 36. Rh8 Kxh2 37. Rxh5+ Kg2 38. Nc3 Rf5 39. g4 Rxf2+ 40. Kb3 Bd7 41. Rxg5 Be6+ 42. Kb4 Rf4+ 43. Ka5 Rxg4 44. Rxg4+ Bxg4 45. Ka6 Kf3 46. a4 Ke3 47. Nb5 Bd1 48. a5 Be2 1/2-1/2

[Event "Monte Carlo MNC"]
[Site "?"]
[Date "2006.03.26"]
[Round "8"]
[White "Van Wely Loek"]
[Black "Anand Viswanathan"]
[Result "0-1"]
[WhiteElo "2647"]
[BlackElo "2792"]
[PlyCount "100"]
[EventDate "2006.??.??"]
[Source "www.chesslib.no"]
[SourceDate "2004.05.04"]

1. Nf3 Nf6 2. c4 c5 3. Nc3 Nc6 4. g3 d5 5. d4 e6 6. cxd5 Nxd5 7. Bg2 cxd4 8. Nxd4 Nxc3 9. bxc3 Nxd4 10. Qxd4 Qxd4 11. cxd4 Bd6 12. e4 Rb8 13. e5 Be7 14. Be3 b6 15. Rc1 Bb7 16. Bxb7 Rxb7 17. Rc8+ Bd8 18. Ke2 Kd7 19. Rhc1 Rf8 20. Kd3 Be7 21. R8c6 Rfb8 22. Ke4 a5 23. f4 Bc5 24. dxc5 Kxc6 25. cxb6+ Kb5 26. g4 h5 27. h3 hxg4 28. hxg4 g6 29. f5 gxf5+ 30. gxf5 Rh8 31. Rc5+ Ka6 32. fxe6 fxe6 33. Rc6 Rh4+ 34. Kd3 Rd7+ 35. Ke2 Rh2+ 36. Kf3 Rd3 37. Kf4 Rxa2 38. Bc5 Rc2 39. Rc7 Rd8 40. Ra7+ Kb5 41. Be3 Rf8+ 42. Ke4 Rc4+ 43. Kd3 Rd8+ 44. Ke2 Re4 45. Kf3 Rxe5 46. b7 Rf8+ 47. Kg2 Rxe3 48. Ra8 Kc6 49. Rxf8 Kxb7 50. Kf2 Re5 0-1

[Event "Madrid 72/383"]
[Site "?"]
[Date "1998.??.??"]
[Round "?"]
[White "Anand, Viswanathan"]
[Black "Krasenkow, Michal"]
[Result "1-0"]
[WhiteElo "2770"]
[BlackElo "2660"]
[PlyCount "87"]
[EventDate "1998.??.??"]
[Source "ChessBase"]
[SourceDate "1998.02.01"]

1. Nf3 Nf6 2. c4 c5 3. Nc3 Nc6 4. g3 d5 5. d4 e6 6. cxd5 Nxd5 7. Bg2 cxd4 8. Nxd4 Ndb4 9. Ndb5 a6 10. Qxd8+ Kxd8 11. Na3 e5 12. O-O Be6 13. Be3 Kc7 14. b3 Rc8 15. Rfc1 Kb8 16. Nc4 Nd4 17. Rab1 Bxc4 18. bxc4 Rxc4 19. Bd2 b5 20. Kf1 Be7 21. Rd1 Rd8 22. a4 Ndc2 23. axb5 Rcd4 24. Ne4 f5 25. e3 R4d5 26. bxa6 fxe4 27. Ke2 Na3 28. Ra1 Nbc2 29. Rac1 Bb4 30. Bxb4 Nxb4 31. Rxd5 Nxd5 32. Bxe4 Nb5 33. Bxh7 Ndc3+ 34. Kf1 Ka7 35. Ra1 Rd6 36. Kg2 Rxa6 37. Rc1 Rc6 38. Bd3 Rc7 39. Bxb5 Nxb5 40. Rxc7+ Nxc7 41. Kf3 Ne6 42. Ke4 Ng5+ 43. Kf5 Nh3 44. f4 1-0

[Event "Groningen PCA"]
[Site "Groningen"]
[Date "1993.??.??"]
[Round "2"]
[White "Benjamin, Joel"]
[Black "Kramnik, Vladimir"]
[Result "1/2-1/2"]
[WhiteElo "2620"]
[BlackElo "2710"]
[PlyCount "38"]
[EventDate "1993.12.??"]
[Source "ChessBase"]

1. c4 c5 2. Nf3 Nc6 3. Nc3 Nf6 4. e3 e5 5. a3 Be7 6. d4 exd4 7. exd4 cxd4 8. Nxd4 O-O 9. Nc2 b6 10. Bf4 Ba6 11. b4 Bb7 12. Be2 d6 13. O-O Ne5 14. Ne3 Rc8 15. Rc1 Re8 16. Qd2 Bf8 17. Rfd1 h6 18. Bg3 Re6 19. Qd4 Nc6 1/2-1/2

[Event "Elenite"]
[Site "Elenite"]
[Date "1994.??.??"]
[Round "5"]
[White "Epishin, Vladimir"]
[Black "Topalov, Veselin"]
[Result "1/2-1/2"]
[WhiteElo "2650"]
[BlackElo "2645"]
[PlyCount "62"]
[EventDate "1994.??.??"]
[Source "ChessBase"]

1. Nf3 Nf6 2. c4 c5 3. Nc3 Nc6 4. e3 e5 5. d4 e4 6. Ne5 cxd4 7. exd4 Bb4 8. Be2 Qe7 9. Bf4 Bd6 10. Nxc6 dxc6 11. Qd2 O-O 12. Bxd6 Qxd6 13. O-O Bg4 14. Rad1 Rad8 15. h3 Bxe2 16. Qxe2 Rfe8 17. d5 a6 18. Qe3 cxd5 19. Nxd5 h6 20. b3 Qe5 21. Nxf6+ Qxf6 22. Rfe1 h5 23. c5 h4 24. b4 g6 25. a4 Rxd1 26. Rxd1 Qb2 27. Rd4 Qc2 28. a5 Qb1+ 29. Kh2 Qb2 30. Qd2 Qa1 31. Qe3 Qb2 1/2-1/2

[Event "BL 0607 Bindl-Aktionär - TV Tegernsee"]
[Site "Germania"]
[Date "2007.04.01"]
[Round "15.1"]
[White "Bu, Xiangzhi"]
[Black "Baklan, Vladimir"]
[Result "1/2-1/2"]
[WhiteElo "2671"]
[BlackElo "2622"]
[PlyCount "117"]
[EventDate "2006.10.28"]
[Source "www.chesslib.no"]
[SourceDate "2004.05.04"]

1. Nf3 Nf6 2. c4 c5 3. Nc3 Nc6 4. g3 d6 5. Bg2 g6 6. O-O Bg7 7. d4 cxd4 8. Nxd4 Bd7 9. Nc2 O-O 10. Bd2 a6 11. b3 Rb8 12. a4 Qb6 13. Ne3 Rfc8 14. Ned5 Nxd5 15. Nxd5 Qd8 16. Rc1 b6 17. h3 Be8 18. Be3 e6 19. Nc3 Na5 20. Bf4 Bc6 21. Ne4 Bxe4 22. Bxe4 Be5 23. Be3 Nb7 24. Bg2 a5 25. Rc2 Qc7 26. Rd2 Rd8 27. Bg5 Rd7 28. e4 Nc5 29. h4 Bc3 30. Re2 Bg7 31. h5 Re8 32. Kh2 Na6 33. Be3 Red8 34. f4 d5 35. cxd5 exd5 36. Rc2 Qb8 37. Bh3 d4 38. Bf2 Rc7 39. Rd2 Nc5 40. Bg2 Qc8 41. hxg6 hxg6 42. e5 d3 43. Bxc5 Rxc5 44. Rxd3 Rxd3 45. Qxd3 Rc3 46. Qe2 Rxb3 47. Bd5 Rc3 48. Rf2 Qc5 49. e6 fxe6 50. Qxe6+ Kh7 51. Rg2 Qc8 52. Qxb6 Qf5 53. Qe6 Qxe6 54. Bxe6 g5 55. fxg5 Kg6 56. Kh3 Kxg5 57. Rf2 Re3 58. Bg4 Be5 59. Rf3 1/2-1/2

[Event "Pula"]
[Site "?"]
[Date "1997.??.??"]
[Round "?"]
[White "Bareev, E."]
[Black "Alterman, B."]
[Result "1/2-1/2"]
[WhiteElo "2665"]
[BlackElo "2595"]
[PlyCount "67"]
[EventDate "1997.??.??"]
[Source "ChessBase"]
[SourceDate "1997.06.01"]

1. Nf3 Nf6 2. c4 c5 3. Nc3 Nc6 4. g3 d5 5. d4 cxd4 6. Nxd4 dxc4 7. Nxc6 Qxd1+ 8. Nxd1 bxc6 9. Bg2 Nd5 10. Ne3 e6 11. Nxc4 Ba6 12. b3 Bb4+ 13. Bd2 Ke7 14. Rc1 Rhc8 15. Bxb4+ Nxb4 16. a3 Nd5 17. e4 Bxc4 18. Rxc4 Nb6 19. Rc5 Nd7 20. Rc3 a5 21. Kd2 Ra6 22. Bf3 Rb6 23. Bd1 c5 24. Bc2 Rd6+ 25. Ke3 Rd4 26. Rc1 e5 27. Bd3 Kd6 28. h4 h6 29. Bb5 Nb6 30. f4 f6 31. h5 Rc7 32. fxe5+ fxe5 33. Rf1 a4 34. bxa4 1/2-1/2

[Event "Biel"]
[Site "Biel"]
[Date "1990.??.??"]
[Round "9"]
[White "Polugaevsky, Lev"]
[Black "Andersson, Ulf"]
[Result "1/2-1/2"]
[WhiteElo "2610"]
[BlackElo "2630"]
[PlyCount "100"]
[EventDate "1990.07.??"]
[Source "ChessBase"]

1. c4 c5 2. Nf3 Nf6 3. Nc3 Nc6 4. e3 d5 5. cxd5 Nxd5 6. Bb5 e6 7. Ne5 Bd7 8. Bxc6 Bxc6 9. Nxc6 bxc6 10. Qa4 Qd7 11. b3 Nb4 12. O-O Be7 13. Ba3 Rb8 14. Rac1 Nd3 15. Rc2 O-O 16. Qc4 Rfd8 17. Na4 Rb5 18. Nb2 a5 19. Nxd3 Qxd3 20. Qxd3 Rxd3 21. Rfc1 Kf8 22. Kf1 a4 23. bxa4 Rb8 24. Bb2 Ra8 25. Ke2 Rd7 26. Rc4 Rda7 27. Ba3 Rxa4 28. Rxa4 Rxa4 29. Bxc5 Rxa2 30. Bxe7+ Kxe7 31. Rxc6 h5 32. f4 g6 33. Rc7+ Kf6 34. e4 Ra3 35. d3 Ra2+ 36. Kf3 Rd2 37. Rd7 Kg7 38. h3 h4 39. d4 Rd3+ 40. Ke2 Rg3 41. Kf2 Ra3 42. e5 Kf8 43. d5 exd5 44. Rxd5 Ke7 45. Rd6 Rb3 46. Rd4 Ra3 47. Rc4 Rb3 48. Rc8 Rb2+ 49. Kf3 Rb3+ 50. Ke4 Rb4+ 1/2-1/2

[Event "Yerevan"]
[Site "?"]
[Date "1996.??.??"]
[Round "?"]
[White "Gulko, B."]
[Black "Vaganian, R."]
[Result "1-0"]
[WhiteElo "2615"]
[BlackElo "2615"]
[PlyCount "59"]
[EventDate "1996.??.??"]
[Source "ChessBase"]
[SourceDate "1996.02.01"]

1. c4 c5 2. Nf3 Nf6 3. Nc3 Nc6 4. g3 d5 5. d4 e6 6. cxd5 Nxd5 7. Bg2 Nxc3 8. bxc3 cxd4 9. cxd4 Bb4+ 10. Bd2 Be7 11. Bc3 O-O 12. O-O Bd7 13. Qd2 Rc8 14. e4 Bf6 15. Rac1 Qb6 16. d5 Bxc3 17. Rxc3 exd5 18. exd5 Nb8 19. Rb3 Qa6 20. Re1 Ba4 21. Ra3 b5 22. Nd4 Rfe8 23. Rxe8+ Rxe8 24. Re3 Rf8 25. Nc6 Qb6 26. Qb4 Nxc6 27. dxc6 a5 28. Qe7 b4 29. c7 Qa6 30. Bh3 1-0

[Event "Europa ch 2008"]
[Site "Plovdiv BUL"]
[Date "2008.04.23"]
[Round "3.27"]
[White "Roiz, Michael"]
[Black "Kotanjian, Tigran"]
[Result "1/2-1/2"]
[WhiteElo "2659"]
[BlackElo "2570"]
[PlyCount "94"]
[EventDate "2008.04.21"]
[Source "www.chesslib.no"]
[SourceDate "2004.05.04"]

1. Nf3 c5 2. c4 Nf6 3. Nc3 Nc6 4. g3 g6 5. Bg2 d6 6. d4 cxd4 7. Nxd4 Bd7 8. O-O Bg7 9. Nc2 O-O 10. Bd2 Rb8 11. b3 a6 12. a4 a5 13. Rc1 Be6 14. Na3 Nd7 15. Nab5 Nc5 16. Bg5 h6 17. Bf4 Nb4 18. h4 Bg4 19. Rb1 Bf5 20. e4 Bd7 21. Qd2 Kh7 22. Be3 Nbd3 23. Nd4 f5 24. exf5 gxf5 25. Nde2 Bc6 26. Nf4 Nxf4 27. Bxf4 Qd7 28. Be3 f4 29. Bxc6 bxc6 30. Bxc5 Qh3 31. Qd3+ Kh8 32. Qf3 dxc5 33. Ne2 Be5 34. Qh1 Qf5 35. Qf3 Qh3 36. Qh1 Qxh1+ 37. Kxh1 fxg3 38. Nxg3 Rf3 39. Kg2 Rfxb3 40. Rxb3 Rxb3 41. Re1 Bf6 42. Nh5 Bxh4 43. Rh1 Bg5 44. f4 Bf6 45. Nxf6 exf6 46. Rxh6+ Kg7 47. Rh5 Rb4 1/2-1/2

[Event "Silivri 88/18"]
[Site "?"]
[Date "2003.??.??"]
[Round "?"]
[White "Kacheishvili, G."]
[Black "Macieja, B."]
[Result "1-0"]
[WhiteElo "2592"]
[BlackElo "2634"]
[PlyCount "139"]
[EventDate "2003.??.??"]
[Source "Chess Informant"]
[SourceDate "2003.06.01"]

1. c4 c5 2. Nf3 Nf6 3. Nc3 Nc6 4. e3 e5 5. a3 d5 6. cxd5 Nxd5 7. Qc2 Nxc3 8. bxc3 Bd6 9. Bc4 Qe7 10. Bd5 Be6 11. c4 f5 12. d3 O-O 13. Bb2 Bxd5 14. cxd5 Nd8 15. a4 Rf6 16. e4 f4 17. Qc4 Nf7 18. h4 Rg6 19. Kf1 h5 20. Bc3 Rg4 21. Rb1 Kf8 22. Rb5 Rd8 23. a5 Rd7 24. Qb3 Kg8 25. Qb2 Rc7 26. Rg1 Qd7 27. Qb3 Qc8 28. Qc4 Kh7 29. Ke2 Rg6 30. Kd2 Kh8 31. Kc2 Rg4 32. g3 fxg3 33. fxg3 Rg6 34. Rbb1 Qh3 35. Qb5 Rxg3 36. Qe8+ Kh7 37. Rxg3 Qxg3 38. Rf1 Qg2+ 39. Nd2 Nh6 40. Qxh5 c4 41. dxc4 Rxc4 42. Qf3 Qxf3 43. Rxf3 Rc7 44. Kd3 Rf7 45. Rg3 Rd7 46. Nc4 Nf7 47. Rf3 Bc7 48. Rf5 Re7 49. Bb4 Rd7 50. Bc5 Bb8 51. Be3 Kg8 52. Rf2 g6 53. Rf6 Kg7 54. Re6 Kh7 55. Re8 Bc7 56. Bxa7 Nd6 57. Nxe5 Nxe8 58. Nxd7 Bxa5 59. Bb6 Be1 60. e5 Bxh4 61. d6 Kg7 62. Ke4 Kf7 63. Kd5 Ng7 64. Nc5 g5 65. e6+ Nxe6 66. Nxe6 g4 67. d7 g3 68. d8=Q Bxd8 69. Nxd8+ Kf6 70. Ke4 1-0

[Event "Bundesliga 9495"]
[Site "GER"]
[Date "1995.??.??"]
[Round "?"]
[White "Vaganian, Rafael A"]
[Black "Kindermann, Stefan E S"]
[Result "1/2-1/2"]
[WhiteElo "2640"]
[BlackElo "2585"]
[PlyCount "110"]
[EventDate "1994.10.??"]
[Source "www.chesslib.no"]
[SourceDate "2004.05.04"]

1. Nf3 Nf6 2. c4 c5 3. Nc3 Nc6 4. g3 d5 5. d4 cxd4 6. Nxd4 dxc4 7. Nxc6 Qxd1+ 8. Nxd1 bxc6 9. Bg2 Nd5 10. Ne3 e6 11. Nxc4 Ba6 12. b3 Bb4+ 13. Bd2 Bxd2+ 14. Nxd2 Nb4 15. Be4 Ke7 16. a3 Nd5 17. Rc1 Rhc8 18. f4 c5 19. Kf2 Rc7 20. Rc2 Rac8 21. Rhc1 Nb6 22. Bf3 Bb5 23. e4 f6 24. a4 Ba6 25. Be2 Bxe2 26. Kxe2 Kd8 27. Rc3 Nd7 28. Nc4 Ke7 29. Kd3 Rb8 30. Na5 Rb4 31. Rc4 Rxc4 32. Kxc4 a6 33. Rd1 Nb6+ 34. Kc3 h5 35. Nc4 Nc8 36. e5 Rd7 37. exf6+ gxf6 38. Re1 Nd6 39. Nxd6 Rxd6 40. Kc4 Rb6 41. Re3 Kd6 42. Rd3+ Kc6 43. Rd8 Rb4+ 44. Kc3 h4 45. Ra8 Kb7 46. Rd8 hxg3 47. hxg3 Kc7 48. Ra8 Kb7 49. Re8 Re4 50. g4 Rxf4 51. Re7+ Kc6 52. Rxe6+ Kb7 53. a5 Rxg4 54. Rb6+ Ka7 55. Rxf6 Rb4 1/2-1/2

[Event "5th YM"]
[Site "Lausanne"]
[Date "2004.09.20"]
[Round "3.3"]
[White "Navara, David"]
[Black "Alekseev, Evgeny"]
[Result "1-0"]
[WhiteElo "2616"]
[BlackElo "2606"]
[PlyCount "135"]
[EventDate "2004.09.15"]
[Source "Roberto Alvarez"]
[SourceDate "2004.09.21"]

1. Nf3 c5 2. c4 Nc6 3. Nc3 Nf6 4. g3 d5 5. d4 e6 6. cxd5 Nxd5 7. Bg2 cxd4 8. Nxd4 Nxc3 9. bxc3 Nxd4 10. Qxd4 Qxd4 11. cxd4 Bb4+ 12. Bd2 Bxd2+ 13. Kxd2 Kd8 14. Rhc1 Re8 15. Rc3 Re7 16. Rac1 Rb8 17. f4 b6 18. g4 h6 19. g5 hxg5 20. fxg5 Bb7 21. Bxb7 Rexb7 22. h4 g6 23. h5 gxh5 24. Rh1 Ke7 25. Rxh5 Rg8 26. e4 b5 27. Ke3 a5 28. Rc6 a4 29. Ra6 Kf8 30. d5 exd5 31. exd5 Ke7 32. Kf4 Rd7 33. Ke4 Rd6 34. Ra5 Rb8 35. Rh6 Rbb6 36. Ra7+ Kf8 37. Rh7 b4 38. Rhxf7+ Kg8 39. Rfe7 Rd8 40. Rxa4 b3 41. axb3 Rxb3 42. Raa7 Rg3 43. Rg7+ Kh8 44. Rad7 Re8+ 45. Rge7 Rb8 46. Kf5 Rf3+ 47. Kg4 Rf1 48. Rh7+ Kg8 49. Rdg7+ Kf8 50. Rb7 Rxb7 51. Rxb7 Rd1 52. Kf5 Rxd5+ 53. Kg6 Rc5 54. Rb8+ Ke7 55. Rg8 Rd5 56. Kh7 Rd1 57. g6 Rh1+ 58. Kg7 Rb1 59. Rh8 Rg1 60. Rh2 Rf1 61. Re2+ Kd6 62. Re4 Kd7 63. Kg8 Rg1 64. g7 Rf1 65. Kh7 Rh1+ 66. Kg6 Rg1+ 67. Kf6 Rf1+ 68. Kg5 1-0

[Event "HUN-ch"]
[Site "Budapest"]
[Date "1997.10.27"]
[Round "6"]
[White "Chernin, Alexander"]
[Black "Sax, Gyula"]
[Result "1/2-1/2"]
[WhiteElo "2640"]
[BlackElo "2570"]
[PlyCount "83"]
[EventDate "1997.10.21"]
[Source "ChessBase"]
[SourceDate "1998.01.31"]

1. Nf3 Nf6 2. c4 c5 3. Nc3 Nc6 4. g3 d5 5. d4 e6 6. cxd5 Nxd5 7. Bg2 cxd4 8. Nxd4 Nxc3 9. bxc3 Nxd4 10. Qxd4 Qxd4 11. cxd4 Bb4+ 12. Bd2 Bxd2+ 13. Kxd2 Rb8 14. Rhc1 Kd8 15. Rc3 Re8 16. Ra3 a6 17. f4 Re7 18. g4 Rd7 19. Ke3 b5 20. g5 Rb6 21. Be4 Rbd6 22. Rc1 Bb7 23. Bxb7 Rxb7 24. Ke4 Rbd7 25. Rd1 Rc6 26. Rd2 h6 27. h4 hxg5 28. hxg5 Kc7 29. f5 exf5+ 30. Kxf5 Rd5+ 31. Kf4 b4 32. Rf3 Rc3 33. Rxc3+ bxc3 34. Rd3 Kd6 35. e3 Ra5 36. Rxc3 Rxa2 37. Rb3 Kd5 38. Kf3 Ra1 39. Rb7 a5 40. Kg2 Ke6 41. Ra7 a4 42. e4 1/2-1/2

[Event "Groningen"]
[Site "?"]
[Date "1993.??.??"]
[Round "?"]
[White "Vaganian, R."]
[Black "Alterman, B."]
[Result "1/2-1/2"]
[WhiteElo "2615"]
[BlackElo "2585"]
[PlyCount "43"]
[EventDate "1993.??.??"]
[Source "ChessBase"]
[SourceDate "1993.10.01"]

1. Nf3 c5 2. c4 Nc6 3. Nc3 Nf6 4. g3 d5 5. d4 cxd4 6. Nxd4 dxc4 7. Nxc6 Qxd1+ 8. Nxd1 bxc6 9. Bg2 Nd5 10. Ne3 e6 11. Nxc4 Ba6 12. b3 Bb4+ 13. Bd2 Bxd2+ 14. Kxd2 O-O-O 15. Kc2 Kc7 16. Ne5 Rhf8 17. Bf3 f6 18. Nd3 Kb6 19. a3 e5 20. Nb2 Bb5 21. Nc4+ Kc7 22. Be4 1/2-1/2

[Event "JUG Cup"]
[Site "JUG"]
[Date "1997.??.??"]
[Round "?"]
[White "Komarov, Dimitri"]
[Black "Sakaev, Konstantin"]
[Result "1/2-1/2"]
[WhiteElo "2615"]
[BlackElo "2580"]
[PlyCount "35"]
[EventDate "1997.??.??"]
[Source "www.chesslib.no"]
[SourceDate "2004.05.04"]

1. Nf3 c5 2. c4 Nf6 3. Nc3 Nc6 4. g3 d5 5. d4 cxd4 6. Nxd4 dxc4 7. Nxc6 Qxd1+ 8. Nxd1 bxc6 9. Bg2 Nd5 10. Ne3 Ba6 11. Nxd5 cxd5 12. Bxd5 Rc8 13. Bd2 e6 14. Bf3 Bd6 15. Bc3 f6 16. O-O-O Bc5 17. Bd4 Ke7 18. Bxc5+ 1/2-1/2

[Event "Hastings 9192"]
[Site "Hastings"]
[Date "1991.??.??"]
[Round "2"]
[White "Agdestein, Simen"]
[Black "Chandler, Murray G"]
[Result "1-0"]
[WhiteElo "2590"]
[BlackElo "2605"]
[PlyCount "85"]
[EventDate "1991.12.??"]
[Source "ChessBase"]

1. c4 c5 2. Nf3 Nc6 3. Nc3 Nf6 4. g3 d5 5. d4 e6 6. cxd5 Nxd5 7. Bg2 Nb6 8. Bg5 f6 9. dxc5 Bxc5 10. Ne4 Qxd1+ 11. Rxd1 Bb4+ 12. Bd2 Bxd2+ 13. Nfxd2 Ke7 14. f4 a5 15. Nc5 a4 16. a3 Ra5 17. Rc1 Rd8 18. Nd3 Bd7 19. Kf2 Be8 20. Rhd1 Nc8 21. Nc5 Ra7 22. Bh3 f5 23. g4 Nd6 24. Nf3 b6 25. Nd3 Na5 26. Nfe5 Bb5 27. Nb4 g6 28. gxf5 gxf5 29. Bg2 Ne4+ 30. Bxe4 Rxd1 31. Rxd1 fxe4 32. Rd4 Rc7 33. Rxe4 Kf6 34. Rd4 Rc1 35. Rd6 Nc4 36. Nd5+ Kf5 37. Nxc4 Bxc4 38. Ne3+ Ke4 39. Nxc4 Rxc4 40. Rxe6+ Kxf4 41. Rxb6 Rc2 42. Rb4+ Ke5 43. Ke3 1-0

[Event "Magyarorszag (ch) 75/35"]
[Site "?"]
[Date "1999.??.??"]
[Round "?"]
[White "Horvath, Csaba"]
[Black "Almasi, Zoltan"]
[Result "0-1"]
[WhiteElo "2524"]
[BlackElo "2665"]
[PlyCount "128"]
[EventDate "1999.??.??"]
[Source "ChessBase"]
[SourceDate "1999.02.01"]

1. Nf3 c5 2. c4 Nc6 3. Nc3 Nf6 4. e3 e5 5. b3 g6 6. Bb2 Bg7 7. Nd5 d6 8. Nxf6+ Bxf6 9. d3 O-O 10. Be2 Bg7 11. Qc2 d5 12. cxd5 Qxd5 13. O-O b6 14. a3 Bb7 15. Bc3 Rac8 16. Qb2 a5 17. a4 Rfe8 18. Rfd1 Qe6 19. Ng5 Qe7 20. Ne4 Nb4 21. Rac1 Nd5 22. Be1 Rcd8 23. Qb1 Bh6 24. Nd2 Nb4 25. Nc4 Qe6 26. Bc3 Bg7 27. Bf1 h5 28. Qa1 Bd5 29. Rd2 Kh7 30. Re1 Re7 31. Red1 f6 32. Qb1 Red7 33. Qa1 Qc6 34. Qb1 Be6 35. h3 Bf5 36. Be2 Qc7 37. g4 hxg4 38. hxg4 Be6 39. Bf3 Bh6 40. Kg2 Bd5 41. Be4 Kg7 42. Kf1 Be6 43. Bf3 Bg5 44. Ke2 Nc6 45. Ra2 Re7 46. Nd2 Nd4+ 47. Bxd4 exd4 48. Ne4 dxe3 49. Nxg5 fxg5 50. Qa1+ Rd4 51. fxe3 Bxb3 52. Kd2 Qh2+ 53. Kc1 Bxa2 54. exd4 Qf4+ 55. Kb2 Qxf3 56. Kxa2 Qd5+ 57. Ka3 cxd4 58. Qb2 Qd6+ 59. Ka2 Qe6+ 60. Ka3 Qxg4 61. Rc1 Qf4 62. Rc6 Re3 63. Qc2 Qg3 64. Rc7+ Kh6 0-1

[Event "Yerevan"]
[Site "Yerevan"]
[Date "1996.??.??"]
[Round "5"]
[White "Ehlvest, Jaan"]
[Black "Anastasian, Ashot"]
[Result "1/2-1/2"]
[WhiteElo "2660"]
[BlackElo "2520"]
[PlyCount "47"]
[EventDate "1996.04.??"]
[Source "ChessBase"]

1. Nf3 Nf6 2. c4 c5 3. Nc3 Nc6 4. e4 e5 5. g3 d6 6. Bg2 g6 7. O-O Bg7 8. Ne1 O-O 9. Nc2 Nd4 10. d3 Rb8 11. Rb1 a5 12. Nxd4 cxd4 13. Nb5 Bd7 14. Nxd6 Bg4 15. f3 Bxf3 16. Qxf3 Qxd6 17. Bd2 Nd7 18. a3 a4 19. b4 axb3 20. Rxb3 Nc5 21. Rb5 Ra8 22. Bb4 b6 23. h4 Ra7 24. Bh3 1/2-1/2

[Event "Sigeman & Co"]
[Site "Malmo"]
[Date "2002.06.12"]
[Round "7"]
[White "Nielsen, Peter Heine"]
[Black "Wedberg, Tom"]
[Result "1-0"]
[WhiteElo "2636"]
[BlackElo "2540"]
[PlyCount "67"]
[EventDate "2002.06.06"]
[Source "ChessBase"]
[SourceDate "2002.09.20"]

1. Nf3 Nf6 2. c4 c5 3. Nc3 Nc6 4. g3 d5 5. d4 e6 6. cxd5 Nxd5 7. Bg2 Ndb4 8. e3 cxd4 9. exd4 Nxd4 10. O-O Nxf3+ 11. Qxf3 Be7 12. Rd1 Qa5 13. a3 Nc6 14. Bf4 O-O 15. b4 Qf5 16. b5 Ne5 17. Qe4 Qxe4 18. Nxe4 Nc4 19. Nd6 e5 20. Nxc4 exf4 21. gxf4 Bg4 22. Re1 Bf6 23. Ne5 Bxe5 24. Rxe5 Rad8 25. Bxb7 Rd4 26. a4 Rfd8 27. a5 Bh3 28. b6 axb6 29. a6 Bc8 30. Rc1 Bxb7 31. axb7 Rd1+ 32. Rxd1 Rxd1+ 33. Kg2 Rd8 34. Re7 1-0

[Event "5th Russian Cup Final, Kazan RUS"]
[Site "?"]
[Date "2001.??.??"]
[Round "7"]
[White "Kharlov, A."]
[Black "Kornev, Alexe"]
[Result "1/2-1/2"]
[WhiteElo "2655"]
[BlackElo "2515"]
[PlyCount "146"]
[EventDate "2001.??.??"]
[Source "www.chesslib.no"]
[SourceDate "2004.05.04"]

1. c4 c5 2. Nc3 Nc6 3. Nf3 Nf6 4. e3 e5 5. d4 cxd4 6. exd4 e4 7. Ne5 Bb4 8. Be2 O-O 9. O-O Qa5 10. c5 d5 11. Nxc6 bxc6 12. Bd2 Ba6 13. a3 Bxc3 14. Bxc3 Bxe2 15. Qxe2 Qc7 16. Bd2 a5 17. Bg5 Ne8 18. Qd2 Qb7 19. Rac1 Nc7 20. Bf4 Nb5 21. Rce1 Rfe8 22. Re3 a4 23. h4 Qd7 24. Rg3 f6 25. Qd1 Qf5 26. Bc1 Re7 27. h5 Kf7 28. Rh3 h6 29. Rh4 Nc7 30. Re1 Ne6 31. Rh3 Rb7 32. b4 Nc7 33. Ree3 Nb5 34. Reg3 Rba7 35. Rg6 Rh8 36. Qd2 Raa8 37. Qe3 Rae8 38. Rh4 Rh7 39. Bd2 Re7 40. Bc1 Re8 41. Rgg4 Rg8 42. Rf4 Qe6 43. Rhg4 g5 44. hxg6+ Rxg6 45. Rxg6 Kxg6 46. Rh4 Kf7 47. Qd2 Qf5 48. Qd1 h5 49. Bb2 Kg6 50. Rh3 Ra7 51. Bc1 Ra8 52. Rh4 Ra7 53. Rf4 Qe6 54. Bb2 Ra8 55. Qe2 Rh8 56. Qe3 h4 57. f3 f5 58. fxe4 fxe4 59. Bc1 Kg7 60. Bd2 Rh6 61. Rf2 Rg6 62. Qf4 Qe7 63. Bc1 h3 64. g3 Kg8 65. Rh2 Kg7 66. Rf2 Kh7 67. Be3 Nxa3 68. Rh2 Qe6 69. Qh4+ Kg7 70. Rxh3 Kf7 71. Qf4+ Qf6 72. Qc7+ Kf8 73. Qc8+ Kf7 1/2-1/2

[Event "Ordzhonikidze (zt)"]
[Site "?"]
[Date "2000.??.??"]
[Round "?"]
[White "Eingorn, V."]
[Black "Baklan, V."]
[Result "1/2-1/2"]
[WhiteElo "2595"]
[BlackElo "2570"]
[PlyCount "46"]
[EventDate "2000.??.??"]
[Source "Chess Informant"]
[SourceDate "2000.06.01"]

1. Nf3 Nf6 2. c4 c5 3. Nc3 Nc6 4. e3 e5 5. a3 Be7 6. Qc2 O-O 7. Bd3 g6 8. b3 d6 9. Bb2 Re8 10. h3 Bf8 11. O-O Nh5 12. Be4 Nf6 13. d3 Rb8 14. Nd2 a6 15. Bf3 h6 16. Rad1 Bg7 17. Ne2 Nh7 18. Kh2 Ng5 19. Bd5 Ne7 20. e4 Ne6 21. Bxe6 Bxe6 22. f4 b5 23. Bc3 Nc6 1/2-1/2